<?xml version="1.0" encoding="UTF-8"?>
<record
    xmlns:xsi="http://www.w3.org/2001/XMLSchema-instance"
    xsi:schemaLocation="http://www.loc.gov/MARC21/slim http://www.loc.gov/standards/marcxml/schema/MARC21slim.xsd"
    xmlns="http://www.loc.gov/MARC21/slim">

  <leader>00945nam a2200265 a 4500</leader>
  <controlfield tag="001">52959</controlfield>
  <controlfield tag="003">BD-RjUL</controlfield>
  <controlfield tag="005">20211209075903.0</controlfield>
  <controlfield tag="008">161001r20061937b  ||||| |||| 00| 0 eng d</controlfield>
  <datafield tag="020" ind1=" " ind2=" ">
    <subfield code="a">817522276X (V-15)</subfield>
    <subfield code="c"> : 95.00</subfield>
  </datafield>
  <datafield tag="020" ind1=" " ind2=" ">
    <subfield code="a">817522021X (Set)</subfield>
  </datafield>
  <datafield tag="035" ind1=" " ind2=" ">
    <subfield code="a">(BD-RjUL)53079</subfield>
  </datafield>
  <datafield tag="040" ind1=" " ind2=" ">
    <subfield code="a">BD-RjUL</subfield>
    <subfield code="b">eng</subfield>
    <subfield code="c">BD-RjUL</subfield>
  </datafield>
  <datafield tag="041" ind1=" " ind2=" ">
    <subfield code="a">eng</subfield>
  </datafield>
  <datafield tag="082" ind1=" " ind2=" ">
    <subfield code="2">23</subfield>
    <subfield code="a">781.1</subfield>
    <subfield code="b">TAN 2006</subfield>
  </datafield>
  <datafield tag="100" ind1="1" ind2=" ">
    <subfield code="a">&#x9A0;&#x9BE;&#x995;&#x9C1;&#x9B0;, &#x9B0;&#x9AC;&#x9C0;&#x9A8;&#x9CD;&#x9A6;&#x9CD;&#x9B0;&#x9A8;&#x9BE;&#x9A5;</subfield>
    <subfield code="9">158321</subfield>
  </datafield>
  <datafield tag="245" ind1="1" ind2="0">
    <subfield code="a">&#x9A8;&#x9AC;&#x997;&#x9C0;&#x9A4;&#x9BF;&#x995;&#x9BE; /</subfield>
    <subfield code="b"> </subfield>
    <subfield code="c">&#x9B0;&#x9AC;&#x9C0;&#x9A8;&#x9CD;&#x9A6;&#x9CD;&#x9B0;&#x9A8;&#x9BE;&#x9A5; &#x9A0;&#x9BE;&#x995;&#x9C1;&#x9B0;</subfield>
  </datafield>
  <datafield tag="260" ind1=" " ind2=" ">
    <subfield code="a">&#x995;&#x9B2;&#x995;&#x9BE;&#x9A4;&#x9BE; : </subfield>
    <subfield code="b">&#x9AC;&#x9BF;&#x9B6;&#x9CD;&#x9AC;&#x9AD;&#x9BE;&#x9B0;&#x9A4;&#x9C0; &#x997;&#x9CD;&#x9B0;&#x9A8;&#x9CD;&#x9A5;&#x9AC;&#x9BF;&#x9AD;&#x997;,</subfield>
    <subfield code="c">&#x9E7;&#x9EF;&#x9E8;&#x9E8; [&#x9AA;&#x9C1;&#x9A8;&#x9B0;&#x9CD;&#x9AE;&#x9A6;&#x9CD;&#x9B0;&#x9A3; &#x9E8;&#x9E6;&#x9E6;&#x9EC;]</subfield>
  </datafield>
  <datafield tag="300" ind1=" " ind2=" ">
    <subfield code="a">&#x9E8;&#x9E6;&#x9E7; &#x9AA;&#x9C3; ;</subfield>
    <subfield code="c">&#x9E8;&#x9ED; &#x9B8;&#x9C7;&#x9AE;&#x9BF;.</subfield>
  </datafield>
  <datafield tag="490" ind1=" " ind2=" ">
    <subfield code="a">&#x9B8;&#x9CD;&#x9AC;&#x9B0;&#x9AC;&#x9BF;&#x9A4;&#x9BE;&#x9A8; ;</subfield>
    <subfield code="v">&#x9E7;&#x9EB;</subfield>
  </datafield>
  <datafield tag="505" ind1="0" ind2=" ">
    <subfield code="a">Vol. 2 --</subfield>
  </datafield>
  <datafield tag="650" ind1=" " ind2=" ">
    <subfield code="a">&#x9B8;&#x999;&#x9CD;&#x997;&#x9C0;&#x9A4;</subfield>
    <subfield code="9">158322</subfield>
  </datafield>
  <datafield tag="650" ind1=" " ind2=" ">
    <subfield code="a">Music</subfield>
    <subfield code="9">150469</subfield>
  </datafield>
  <datafield tag="942" ind1=" " ind2=" ">
    <subfield code="2">ddc</subfield>
    <subfield code="c">BK</subfield>
  </datafield>
  <datafield tag="999" ind1=" " ind2=" ">
    <subfield code="c">52959</subfield>
    <subfield code="d">52959</subfield>
  </datafield>
  <datafield tag="952" ind1=" " ind2=" ">
    <subfield code="0">0</subfield>
    <subfield code="1">0</subfield>
    <subfield code="2">ddc</subfield>
    <subfield code="4">0</subfield>
    <subfield code="7">0</subfield>
    <subfield code="8">NFIC</subfield>
    <subfield code="a">RUCL</subfield>
    <subfield code="b">RUCL</subfield>
    <subfield code="c">Stack</subfield>
    <subfield code="d">2011-05-28</subfield>
    <subfield code="e">Dhaka,Paragon Enterprise Lit.,</subfield>
    <subfield code="g">3451.00</subfield>
    <subfield code="l">1</subfield>
    <subfield code="o">B 781.1 TAN V-2 2006</subfield>
    <subfield code="r">2018-08-14 00:00:00</subfield>
    <subfield code="s">2018-08-06</subfield>
    <subfield code="t">C-2</subfield>
    <subfield code="w">2021-12-09</subfield>
    <subfield code="y">BK</subfield>
  </datafield>
  <datafield tag="952" ind1=" " ind2=" ">
    <subfield code="0">0</subfield>
    <subfield code="1">0</subfield>
    <subfield code="2">ddc</subfield>
    <subfield code="4">0</subfield>
    <subfield code="7">1</subfield>
    <subfield code="8">NFIC</subfield>
    <subfield code="a">RUCL</subfield>
    <subfield code="b">RUCL</subfield>
    <subfield code="c">Reading</subfield>
    <subfield code="d">1969-10-08</subfield>
    <subfield code="e">Provincial</subfield>
    <subfield code="g">5.00</subfield>
    <subfield code="l">0</subfield>
    <subfield code="o">B 781.1 TAN V-2 1951</subfield>
    <subfield code="r">2017-05-03 00:00:00</subfield>
    <subfield code="t">C-1</subfield>
    <subfield code="w">2021-12-09</subfield>
    <subfield code="y">BK</subfield>
  </datafield>
</record>
